Speicher-programmierbare Steuerungen /

Na minha lista:
Detalhes bibliográficos
Main Authors: Frei, F (Author), Leidig, W (Author)
Formato: Livro
Idioma:alemão
Publicado em: Heidelberg : Dr. Alfred Hüthig Verlag, 1988
Edição:1.vyd.
Tags: Adicionar Tag
Sem tags, seja o primeiro a adicionar uma tag!

MARC

LEADER 00000nam a22000003a 4500
001 stu5976
005 20150617225807.8
008 940525s1988----gw------------------ger-d
040 |a STU  |b slo 
041 0 |a ger 
044 |a gw 
080 |a 658.52.011.56  |7 stu_us_auth*stu8281 
080 |a 681.322 
080 |a 519.8  |7 A000000398 
100 1 |a Frei, F  |4 aut 
245 1 |a Speicher-programmierbare Steuerungen /  |c [aut.] Frei,F.; Leidig,W 
250 |a 1.vyd. 
260 |a Heidelberg :  |b Dr. Alfred Hüthig Verlag,  |c 1988 
300 |a 560 s 
700 1 |a Leidig, W  |4 aut 
996 |b E66287  |c E*66287  |l EE04  |s P  |a 0  |w stu5976_0001